Wszyscy Polacy na majorach - Statystyki

Ogólne statystyki
  • Ten quiz został rozwiązany 25 razy
  • Średni wynik to 16 z 26
Statystyki odpowiedzi
liczba występów nick % Poprawnych
13 byali
100%
5 hades
100%
14 NEO
100%
13 pashaBiceps
100%
16 Snax
100%
12 TaZ
100%
5 dycha
71%
1 mynio
71%
2 Goofy
65%
2 Hyper
65%
1 KEi
65%
2 kylar
65%
5 siuhy
65%
2 MICHU
59%
1 SZPERO
59%
3 innocent
53%
4 rallen
53%
3 F1ku
47%
2 GruBy
41%
1 kRaSnaL
41%
1 mouz
41%
2 ultimate
41%
1 snatchie
35%
2 Furlan
29%
2 peet
24%
1 MINISE
18%
Nie znaleziono quizów pasujących do podanych kryteriów
Rozkład punktacji
Procent ludzi z każdym wynikiem
Percentyl według liczby udzielonych odpowiedzi
Twoja historia wyników
Nie rozwiązałeś tego quizu